| 000 | 01047nam a2200277 4500 | ||
|---|---|---|---|
| 001 | 385 | ||
| 003 | OSt | ||
| 005 | 20250409081230.0 | ||
| 008 | 250408b |||||||b |||| 00| 1 eng d | ||
| 020 | _a9788538028581 | ||
| 040 | _bpor | ||
| 041 | _hpor | ||
| 082 |
_aI 028.5 _bJ62 |
||
| 245 |
_aJoão e Maria / _cIlustrações Lie Nobusa ; |
||
| 260 |
_aSão Paulo _bCiranda Cultura _c2011 |
||
| 300 |
_a10 p. _bil. |
||
| 520 | _aJoão e Maria se perdem na floresta, até encontrarem uma linda casa feita dos mais deliciosos doces. Mas o que acontecerá com eles quando descobrirem que a cada pertence a uma malvada bruxa? Viaje para um mundo mágico com este eterno conto clássico que traz uma linda história para ler e reler sempre que quiser. | ||
| 650 | 0 |
_aLiteratura Brasileira _9205 |
|
| 650 | 0 |
_aInfantil _9535 |
|
| 650 | 0 |
_aHistórias clássicas infantis _9826 |
|
| 650 | 0 |
_aBruxa malvada _9804 |
|
| 650 | 0 |
_aFloresta encantada _9805 |
|
| 655 | 0 |
_aLivro Infantil _9568 |
|
| 700 |
_a Lie Nobusa _eILUSTRADOR _9803 |
||
| 942 |
_2ddc _n0 _cBK |
||
| 999 |
_c385 _d385 |
||